La psicología de la crianza (Record no. 102635)

MARC details
000 -LEADER
campo de control de longitud fija 00805nam a2200229 i 4500
001 - NÚMERO DE CONTROL
campo de control 102635
003 - IDENTIFICADOR DE NÚMERO DE CONTROL
campo de control ES-MaACL
005 - FECHA Y HORA DE LA ÚLTIMA TRANSACCIÓN
campo de control 20250822031120.0
007 - CAMPO FIJO DE DESCRIPCIÓN FÍSICA--INFORMACIÓN GENERAL
campo de control de longitud fija t|
008 - DATOS DE LONGITUD FIJA--INFORMACIÓN GENERAL
campo de control de longitud fija 051123s1981 pr ||||1| spa d
020 ## - NÚMERO INTERNACIONAL ESTÁNDAR DEL LIBRO
Número Internacional Estándar del Libro 0-8477-2902-8
080 ## - NÚMERO DE LA CLASIFICACIÓN DECIMAL UNIVERSAL
Número de la Clasificación Decimal Universal 37.015.3(04)
100 1# - ENTRADA PRINCIPAL--NOMBRE DE PERSONA
Nombre de persona Sánchez Hidalgo, Efraín.
9 (RLIN) 102699
245 13 - MENCIÓN DEL TÍTULO
Título La psicología de la crianza
Resto del título : un mensaje a los padres /
Mención de responsabilidad, etc. Efraín Sánchez Hidalgo, Lydia Ayendez de Sánchez Hidalgo.
250 ## - MENCION DE EDICION
Mención de edición 1ª ed., reimp.
260 ## - PUBLICACIÓN, DISTRIBUCIÓN, ETC.
Lugar de publicación, distribución, etc. Río Piedras :
Nombre del editor, distribuidor, etc. Editorial Universitaria, Universidad de Puerto Rico,
Fecha de publicación, distribución, etc. 1981.
300 ## - DESCRIPCIÓN FÍSICA
Extensión 211 p. ;
Dimensiones 21 cm.
650 17 - PUNTO DE ACCESO ADICIONAL DE MATERIA--TÉRMINO DE MATERIA
Término de materia o nombre geográfico como elemento de entrada Psicología de la educación
Fuente del encabezamiento o término embne
9 (RLIN) 16558
700 1# - ENTRADA AGREGADA--NOMBRE PERSONAL
Nombre de persona Ayendez de Sánchez Hidalgo, Lydia.
9 (RLIN) 24141
852 ## - LOCALIZACIÓN
Ubicación ES-MaACL
Número de control de estantería E-11121
Sublocalización o colección R.136851
Holdings
Estatus retirado Estado de pérdida Estado de daño No para préstamo Biblioteca de origen Biblioteca actual Ubicación en estantería Fecha de adquisición Fuente de adquisición Total de préstamos Signatura topográfica completa Código de barras Visto por última vez Precio de reemplazo Tipo de ítem Koha
        Biblioteca del Ateneo de Madrid Biblioteca del Ateneo de Madrid Depósito 2 17/01/2008     E-11121 1107142 23/02/2023 23/02/2023 Libro impreso